Villes les plus peuplées des Etats-Unis - Statistiques

Statistiques générales
  • Ce quiz a été pris 591 fois
  • Le résultat moyen est 11 sur 20
Statistiques - réponses
Population Ville % Correct
8 804 190 New York
100%
3 893 986 Los Angeles
98%
2 747 231 Chicago
88%
873 965 San Francisco
79%
1 304 442 Dallas
73%
735 157 Seattle
72%
2 302 792 Houston
71%
715 522 Denver
64%
1 603 797 Philadelphie
63%
1 385 922 San Diego
57%
1 607 739 Phoenix
56%
1 434 270 San Antonio
49%
959 549 Austin
43%
874 541 Charlotte
36%
887 752 Indianapolis
35%
689 545 Washington DC
34%
949 577 Jacksonville
32%
1 014 545 San José
27%
918 377 Fort Worth
15%
905 672 Columbus
13%
Aucun quiz correspondant
Distribution des résultats
% des personnes avec chaque résultat
Percentile par nombre de réponses
Votre historique - résultats
Vous n’avez pas pris ce quiz